Statistics for Percy Jackson Names

Click here to take the quiz!

General Stats

  • This quiz has been taken 177 times
  • The average score is 14 of 15

Answer Stats

Last Names First Names % Correct
JacksonPercy
100%
UnderwoodGrover
100%
ChaseAnnabeth
99%
CastellanLuke
98%
La RueClarisse
95%
GraceJason
95%
ValdezLeo
94%
NightshadeZoe
94%
McleanPiper
93%
LevesqueHazel
93%
BeckendorfCharles
92%
ZhangFrank
92%
BlofisPaul
91%
BeaugardSilena
88%
RodriquezChris
86%

Score Distribution

Percentile by Number Answered

Percent of People with Each Score

Your Score History

You have not taken this quiz